Quick Pick: Wind Instruments Quiz Stats

 Plays Quiz not verified by Sporcle

Support Sporcle.
Go Orange.
Score 0/10 Timer 00:30
1 Play Today
% Correct
Clarinet
97.4%
Bassoon
94.8%
Oboe
94.3%
Saxophone
93.9%
Piccolo
91.8%
Harmonica
90.9%
Horn
88.4%
Trombone
86.1%
Tuba
85.2%
Pipe organ
64.4%

You're not logged in!

Compare scores with friends on all Sporcle quizzes.
OR
Log In

From the Vault

Avengers: Infinity War - The Infinity Stones

by Rackie

Infinity Gauntlet not included.
Remove Ads.
Support Sporcle.
Get the best of Sporcle when you Go Orange. This ad-free experience offers more features, more stats, and more fun while also helping to support Sporcle. Thank you for becoming a member.

Show Comments

Extras

Top Quizzes Today


Score Distribution

Your Account Isn't Verified!

In order to create a playlist on Sporcle, you need to verify the email address you used during registration. Go to your Sporcle Settings to finish the process.

Report this User

Report this user for behavior that violates our Community Guidelines.

Details: